[Event "Krasnoyarsk-ch"]
[Site "Krasnoyarsk"]
[Date "2013.02.09"]
[Round "9"]
[White "Malikov, Alexandr"]
[Black "Koshkarov, Viktor"]
[Result "1-0"]
[WhiteElo "2086"]
[BlackElo "2002"]
[PlyCount "118"]
[EventDate "2013.02.01"]
[EventType "tourn"]
[EventRounds "11"]
[EventCountry "RUS"]
[SourceTitle "CBM 153 Extra"]
[Source "ChessBase"]
[SourceDate "2013.04.22"]
[SourceVersion "1"]
[SourceVersionDate "2013.04.22"]
[SourceQuality "1"]

1. d4 d5 2. c4 e6 3. g3 c6 4. Nf3 Bd6 5. Qc2 Nd7 6. Nbd2 f5 7. Bg2 Ngf6 8. 0-0 0-0 9. Ne1 f4 10. e4 fxe3 11. fxe3 e5 12. cxd5 cxd5 13. Qb3 Qa5 14. Nd3 Kh8 15. dxe5 Nxe5 16. Nxe5 Bxe5 17. Nf3 Bd6 18. Bd2 Qd8 19. Nd4 Ne4 20. Bb4 Bxb4 21. Qxb4 Rxf1+ 22. Rxf1 Nf6 23. h3 h6 24. Rf4 Bd7 25. Qd6 Bc6 26. Qa3 Nh5 27. Rf3 Qd7 28. Qd3 Qd6 29. Nf5 Qe5 30. Qd4 Re8 31. g4 Nf6 32. Qxe5 Rxe5 33. Rf4 Nd7 34. Kf2 g5 35. Rd4 Kh7 36. Rd1 Nf6 37. Nd4 h5 38. gxh5 g4 39. Rc1 gxh3 40. Bxh3 Ne4+ 41. Kf3 Nd2+ 42. Ke2 Nc4 43. Bf5+ Kh6 44. Rc3 Be8 45. Bg6 Bxg6 46. hxg6 Kxg6 47. b3 Nd6 48. Rc7 Rh5 49. Kd3 Rh7 50. Rc5 Rh5 51. Ne6 Ne4 52. Nf4+ Kh6 53. Rc7 Re5 54. Nxd5 Nd6 55. Nc3 Re6 56. e4 a6 57. a4 Rg6 58. Kd4 b5 59. Rd7 bxa4 1-0

[Event "Krasnoyarsk-ch"]
[Site "Krasnoyarsk"]
[Date "2013.02.05"]
[Round "5"]
[White "Koshkarov, Viktor"]
[Black "Sholokhov, Anatoly"]
[Result "0-1"]
[WhiteElo "2002"]
[BlackElo "2014"]
[PlyCount "78"]
[EventDate "2013.02.01"]
[EventType "tourn"]
[EventRounds "11"]
[EventCountry "RUS"]
[SourceTitle "CBM 153 Extra"]
[Source "ChessBase"]
[SourceDate "2013.04.22"]
[SourceVersion "1"]
[SourceVersionDate "2013.04.22"]
[SourceQuality "1"]

1. b3 d5 2. Bb2 Nf6 3. e3 c6 4. f4 Qc7 5. Nf3 g6 6. c4 dxc4 7. Bxc4 Bg7 8. 0-0 0-0 9. Nc3 Nbd7 10. Rc1 Qa5 11. a3 Ne4 12. b4 Qh5 13. Be2 Nxc3 14. Bxc3 Qd5 15. Bxg7 Kxg7 16. d3 Qd6 17. Qd2 f6 18. d4 Nb6 19. e4 Bg4 20. Qe3 Rad8 21. Rcd1 Qe6 22. h3 Bxf3 23. Rxf3 Rd6 24. f5 Qa2 25. Rd2 Qg8 26. fxg6 hxg6 27. Qc3 Qe6 28. Qc2 Rfd8 29. Rg3 Rxd4 30. Rxd4 Rxd4 31. Bh5 Qxe4 32. Rxg6+ Kf8 33. Qb3 Qe1+ 34. Kh2 Nd5 35. Rg3 Qe5 36. Bf3 e6 37. Qc2 Ne3 38. Qc5+ Qxc5 39. bxc5 Nf1+ 0-1